<?xml version="1.0" encoding="UTF-8"?><?xml-stylesheet type="text/xsl" href="static/style.xsl"?><OAI-PMH xmlns="http://www.openarchives.org/OAI/2.0/" xmlns:xsi="http://www.w3.org/2001/XMLSchema-instance" xsi:schemaLocation="http://www.openarchives.org/OAI/2.0/ http://www.openarchives.org/OAI/2.0/OAI-PMH.xsd"><responseDate>2026-04-27T20:15:18Z</responseDate><request verb="GetRecord" identifier="oai:uvadoc.uva.es:10324/5773" metadataPrefix="marc">https://uvadoc.uva.es/oai/request</request><GetRecord><record><header><identifier>oai:uvadoc.uva.es:10324/5773</identifier><datestamp>2021-10-27T10:53:00Z</datestamp><setSpec>com_10324_38</setSpec><setSpec>col_10324_852</setSpec></header><metadata><record xmlns="http://www.loc.gov/MARC21/slim" xmlns:doc="http://www.lyncode.com/xoai" xmlns:xsi="http://www.w3.org/2001/XMLSchema-instance" xmlns:dcterms="http://purl.org/dc/terms/" xsi:schemaLocation="http://www.loc.gov/MARC21/slim http://www.loc.gov/standards/marcxml/schema/MARC21slim.xsd">
<leader>00925njm 22002777a 4500</leader>
<datafield tag="042" ind1=" " ind2=" ">
<subfield code="a">dc</subfield>
</datafield>
<datafield tag="720" ind1=" " ind2=" ">
<subfield code="a">Castro Huelves, Beatriz de</subfield>
<subfield code="e">author</subfield>
</datafield>
<datafield tag="260" ind1=" " ind2=" ">
<subfield code="c">2014</subfield>
</datafield>
<datafield tag="520" ind1=" " ind2=" ">
<subfield code="a">Introducción: Conociendo en profundidad los efectos terapéuticos, técnicas y formas de aplicación del Vendaje Neuromuscular y la anatomía del aparato fonador, analizar los trastornos de éste (en especial, las disfonías) que suelen tener un impacto en la calidad de vida de los individuos que los padecen, siendo en algunos casos causa de incapacidad laboral. Objetivo: se pretende evaluar los beneficios y eficacia del Vendaje Neuromuscular en trastornos orofaciales que afecten directa o indirectamente y, de manera temporal, a la comunicación verbal. Metodología: Se ha realizado una búsqueda bibliográfica en las siguientes bases de datos: en PubMed, de la US National Library of Medicine, Physiotherapy Evidence Database (búsqueda simple) y Biblioteca Cochrane Plus (búsqueda asistida). Como criterios de selección se utilizaron los que valoran las características de validez, importancia y aplicabilidad de cada estudio. Los descriptores utilizados han sido: kinesiology tape, medical tape, elastic therapeutic tape, orofacial, rehabilitación. De los estudios recuperados se revisó su bibliografía seleccionando los trabajos relacionados con el tema de estudio. Resultados: Los estudios consultados reflejan una mejora en la reducción de la inflamación, en la deglución de la saliva en niños con sialorrea, en la fisioterapia respiratoria facilitando la instauración de patrón diafragmático y en el control orofacial, lo que favorece la producción de sílabas bilabiales. Conclusiones: Son necesarios mayores estudios que avalen la efectividad y eficacia sobre la utilización del kinesiotape como técnica de tratamiento complementaria en trastornos que afecten la comunicación verbal</subfield>
</datafield>
<datafield tag="024" ind2=" " ind1="8">
<subfield code="a">http://uvadoc.uva.es/handle/10324/5773</subfield>
</datafield>
<datafield ind1=" " ind2=" " tag="653">
<subfield code="a">Vendaje neurotisular</subfield>
</datafield>
<datafield ind1=" " ind2=" " tag="653">
<subfield code="a">Fisioterapia</subfield>
</datafield>
<datafield tag="245" ind1="0" ind2="0">
<subfield code="a">Indicaciones, ventajas e inconvenientes y probable utilización en trastrornos  de la comunicación verbal del vendaje neurotisular</subfield>
</datafield>
</record></metadata></record></GetRecord></OAI-PMH>